Management accounting : (Record no. 8901)

MARC details
000 -LEADER
fixed length control field 00619nam a22001937a 4500
003 - CONTROL NUMBER IDENTIFIER
control field OSt
005 - DATE AND TIME OF LATEST TRANSACTION
control field 20260311004258.0
008 - FIXED-LENGTH DATA ELEMENTS--GENERAL INFORMATION
fixed length control field 260311b |||||||| |||| 00| 0 eng d
020 ## - INTERNATIONAL STANDARD BOOK NUMBER
International Standard Book Number 971-8966-98-3.
040 ## - CATALOGING SOURCE
Original cataloging agency DWCL Main lib
Transcribing agency OC
082 ## - DEWEY DECIMAL CLASSIFICATION NUMBER
Edition number 2007 ed.
Classification number Fil. 658.1511 C117m 2007
100 ## - MAIN ENTRY--PERSONAL NAME
Personal name Cabrera, Ma. Elenita B.
245 ## - TITLE STATEMENT
Title Management accounting :
Remainder of title concepts and applications
Statement of responsibility, etc. Ma. Elenita B. Cabrera
250 ## - EDITION STATEMENT
Edition statement 2007 ed.
260 ## - PUBLICATION, DISTRIBUTION, ETC.
Place of publication, distribution, etc. Manila :
Name of publisher, distributor, etc. GIC Enterprises & Co., Inc.,
Date of publication, distribution, etc. c2007.
300 ## - PHYSICAL DESCRIPTION
Extent xx, 1022 p. ;
Dimensions 23 cm.
650 ## - SUBJECT ADDED ENTRY--TOPICAL TERM
Topical term or geographic name entry element 1. Management accounting.
942 ## - ADDED ENTRY ELEMENTS (KOHA)
Source of classification or shelving scheme Dewey Decimal Classification
Koha item type Book-Filipiniana
Edition 2007 ed.
Call number prefix Fil.
Suppress in OPAC No
952 ## - LOCATION AND ITEM INFORMATION (KOHA)
--
952 ## - LOCATION AND ITEM INFORMATION (KOHA)
--
952 ## - LOCATION AND ITEM INFORMATION (KOHA)
--
Holdings
Withdrawn status Lost status Source of classification or shelving scheme Damaged status Not for loan Home library Current library Shelving location Date acquired Source of acquisition Cost, normal purchase price Total Checkouts Full call number Barcode Date last seen Copy number Price effective from Koha item type Uniform Resource Identifier
    Dewey Decimal Classification     College Library College Library Filipiniana 07/17/2007 School Fund 700.00   Fil. 658.1511 C117m 2007 CL44945 03/11/2026 c1 03/11/2026 BK - FIL
    Dewey Decimal Classification     College Library College Library Filipiniana 07/17/2007 School Fund 700.00   Fil. 658.1511 C117m 2007 CL44946 03/11/2026 c2 03/11/2026 BK - FIL
    Dewey Decimal Classification     College Library College Library Filipiniana 07/17/2007 School Fund 700.00   Fil. 658.1511 C117m 2007 CL44943 03/11/2026 c3 03/11/2026 BK - FIL